banner koha

Choque de competitividade (Registro n. 328391)

MARC details
000 -LÍDER
fixed length control field 00989nab a2200289 4500
003 - CÓDIGO MARC DA AGÊNCIA CATALOGADORA
Campo de controle BR-BrBNA
005 - DATA E HORA DA ÚLTIMA ATUALIZAÇÃO
Campo de controle 20241101213943.0
008 - CAMPO DE TAMANHO FIXO
fixed length control field 241101b bl.||||| |||| 00| 0 por d
040 ## - FONTE DA CATALOGAÇÃO
Agência catalogadora BR-BrBNA
Idioma da catalogação por
072 ## - CATEGORIA AGRIS
Código AGRIS E14 ; E16 ; E20
Código do objeto 0210
100 ## - ENTRADA PRINCIPAL - NOME PESSOAL
Nome pessoal Nakano, Daniel Hirochi
100 ## - ENTRADA PRINCIPAL - NOME PESSOAL
Nome pessoal Deleo, João Paulo Bernardes
245 ## - TÍTULO PRINCIPAL
Título principal Choque de competitividade
500 ## - NOTA GERAL
Nota geral 8 ref.; 7 illus.; 12 tables; 1 graph
942 ## - ADDED ENTRY ELEMENTS (KOHA)
Koha item type Analítica
520 ## - NOTA DE RESUMO
Nota de conteúdo GESTÃO DA PROPRIEDADE RURAL; COMPETITIVIDADE
650 ## - ASSUNTO - THESAGRO
Cabeçalho tópico ou nome geográfico BATATA
650 ## - ASSUNTO - THESAGRO
Cabeçalho tópico ou nome geográfico CUSTO DE PRODUÇÃO
650 ## - ASSUNTO - THESAGRO
Cabeçalho tópico ou nome geográfico DIFUSÃO DE TECNOLOGIA
650 ## - ASSUNTO - THESAGRO
Cabeçalho tópico ou nome geográfico PROCESSAMENTO DE ALIMENTO
650 ## - ASSUNTO - THESAGRO
Cabeçalho tópico ou nome geográfico GESTÃO
650 ## - ASSUNTO - THESAGRO
Cabeçalho tópico ou nome geográfico COMERCIALIZAÇÃO
650 ## - ASSUNTO - THESAGRO
Cabeçalho tópico ou nome geográfico PRODUTIVIDADE
650 ## - ASSUNTO - THESAGRO
Cabeçalho tópico ou nome geográfico RENTABILIDADE
773 0# - ENTRADA ANALÍTICA
Host Biblionumber 4115
Registro do item 345192
Imprenta Piracicaba-SP Centro de Estudos Avançados em Economia Aplicada-CEPEA/USP/ESALQ 2002
Outro identificador 2024-5683
Título Hortifruti Brasil (Brazil)
ISSN 1981-1837
Colação v. 5(51) p. 6-17; (Oct 2006)
Número de controle de registro BR2024003112

Nenhum exemplar disponível.

BINAGRI

Telefone: (61)3218-2567/2388/3357/2097 - binagri@agro.gov.br

Ministério da Agricultura e Pecuária , Esplanada dos Ministérios, Bloco D, Anexo B, Brasília/DF, CEP: 70.043-900